000 00480nam a2200157 4500
999 _c1411
_d1411
008 200123b ||||| |||| 00| 0 eng d
082 0 0 _a658
_bK828
100 _91023
_aKoontz, Harold
245 1 0 _aPrinciples of management, an analysis of managerial functions
_cby Harold Koontz and Cyril O'donnell
250 _a5th ed.
260 _aTokyo
_bMcGraw-Hill
_c1972
300 _axii, 758 p.
650 0 _aIndustrial Management
700 _aO'donnell, Cyril
_91024
942 _2ddc
_cBK